| 000 | 00593nam a22001577a 4500 | ||
|---|---|---|---|
| 008 | 160430b xxu||||| |||| 00| 0 eng d | ||
| 082 |
_22012 _aUT 0387 _bT63 |
||
| 100 |
_96862 _aToribio, Shervie L. |
||
| 245 |
_aThe profile of street children in barangay Zone II Digos City/ _cShervie L. Toribio, Jessa Joy C. Jimenea and Reymart S. Arriesgado. |
||
| 260 |
_aDigos City: _bUMDC _cOctober 2012. |
||
| 300 |
_a34 pages; _c29 cm. |
||
| 650 | 0 |
_96861 _aElementary Education _xUndergraduate thesis. |
|
| 700 |
_96859 _aJimenea, Jessa Joy C. |
||
| 700 |
_96860 _aArriesgado, Reymart S. |
||
| 942 |
_2ddc _cUT |
||
| 999 |
_c2118 _d2118 |
||